| 000 | 00690cam a22002413a 4500 | ||
|---|---|---|---|
| 001 | 23670 | ||
| 003 | PGUSA | ||
| 005 | 20140828083514.0 | ||
| 008 | 071201s2007||||xxu|||||s|||||000 | eng d | ||
| 040 |
_aPGUSA _beng |
||
| 042 | _adc | ||
| 050 | 4 | _aPG | |
| 100 | 1 |
_aStamatov, G. P. _q(Georgi Porfirievich), _d1869-1942 |
|
| 245 | 1 | 0 |
_aNuntempaj Rakontoj _h[electronic resource] / _cG. P. Stamatov |
| 260 |
_bProject Gutenberg, _c2007 |
||
| 506 | _aPublic domain in the USA. | ||
| 516 | _aElectronic text | ||
| 653 | _aShort stories | ||
| 700 | 1 |
_aKrestanoff, Ivan H., _d1890-1966 |
|
| 830 | 0 |
_aProject Gutenberg _v23670 |
|
| 856 | 4 | 0 | _uhttp://www.gutenberg.org/ebooks/23670 |
| 942 | _cEB | ||
| 999 |
_c252925 _d252925 |
||